00514cam a2200193ua 45000010005000000080039000050200015000440400009000590410008000680820012000761000028000882450057001162500009001732600040001823000010002226530044002326530017002767000027002938042150105n ii |||gr||||Z||||||hin a8172011253 cMAIN ahin a891.434 aPrabhakar, V.,eEditor.1 aPrasad Rachana SanchayancEdited by Vishnu Prabhakar a1st. aNew Delhi:bSahitya akademi,c1991. a584p. aEast Indo-European & Celtic literatures aHindi essays aShah, R. Ch.,eEditor.